000 00457cam a2200181ua 4500
020 _cRs 5.00
041 _amal
_h
082 _a894.812 1
_bKRI/PO
100 _aKrishna Warrier, M R .
245 _aPoems, Vol 1 /
_cM R Krishna Warrier.
_hTextual Documents
260 _aKottayam :
_bNational Book Stall ,
_c1952.
300 _a500 ; .
365 _aRs 5.00
504 _a
650 _aPoems - Malayalam
942 _cBK
999 _c582
_d582